| 000 | 00621nam a22001937a 4500 | ||
|---|---|---|---|
| 005 | 20150915103926.0 | ||
| 010 | _aENG-113904 | ||
| 020 |
_a9788121512732 _c895.00 |
||
| 035 | _aEN-97436 | ||
| 037 | _bDBAD/PUB | ||
| 082 | _a613.7046 | ||
| 245 |
_aYoga in practice / _cedited by David Gordon White |
||
| 260 |
_aNew Delhi _bMunshiram Manoharlal Publishers _c2014 |
||
| 270 |
_aPO Box 5715, 54 Rani Jhansi Road, _bNew Delhi _e110055 |
||
| 300 |
_axii,397p. _c24cm(pbk) |
||
| 500 | _aIncludes bibliographical references and index | ||
| 700 | _aWhite, David Gordon | ||
| 942 |
_2ddc _cEN _mYOG _h613.7046 |
||
| 999 |
_c96467 _d96467 |
||